Logo BPK

Biblioteka

Politechniki Koszalińskiej

Maszyny prądu stałego : (Rekord nr 17361)

Szczegóły MARC
000 -ETYKIETA REKORDU
podpole kontrolne o stałej długości 00386nam a2200145 i 4500
001 - NUMER KONTROLNY REKORDU
pole kontrolne bg
040 ## - ŹRÓDŁO KATALOGOWANIA
Instytucja, która utworzyła rekord BPK
041 ## - KOD JĘZYKA
Kod języka tekstu pol
008 - POLE O STAŁEJ DŁUGOŚCI - DANE KONTROLNE
podpole kontrolne o stałej długości s pl f |000 0 pol
100 1# - NAZWA OSOBOWA
Nazwa osobowa MANITIUS, Zdzisław
245 #0 - TYTUŁ/ODPOWIEDZIALNOŚĆ
Tytuł Maszyny prądu stałego :
Ciąg dalszy tytułu skrypt dla studentów studium dla pracujących /
Pozostałe elementy strefy tytułu i oznaczenia odpowiedzialności Zdzisław Manitius.
250 ## - STREFA WYDANIA
Oznaczenie wydania Wyd.2.
260 ## - STREFA ADRESU WYDAWNICZEGO
Miejsce wydania Gdańsk,
Data publikacji, dystrybucji/powstania dokumentu 1977.
856 ## - LOKALIZACJA I DOSTĘP DO ELEKTRONICZNYCH DOKUMENTÓW ZDALNYCH
Link (URL) http://koha.tu.koszalin.pl/cgi-bin/koha/opac-detail.pl?biblionumber=17361
Tekst linku Katalog online BPK
942 ## - DODATKOWE ELEMENTY (KOHA)
Typ dokumentu Książka
Egzemplarze
Wycofany Status egzemplarza Uszkodzony Dostępność Lokalizacja stała Lokalizacja bieżąca Miejsce przechowywania Sygnatura Kod kreskowy Ostatnio wypożyczono Typ dokumentu
      Dostępny Biblioteka Politechniki Koszalińskiej Biblioteka Politechniki Koszalińskiej Wypożyczalnia BG 22093 01680836 19.04.2018 Książka
© 2023 Biblioteka Politechniki Koszalińskiej :: KOHA